00882nam a2200241 a 450000100060000000300090000600800410001502000150005604000280007108200160009910000310011524500720014626000470021830000110026549000320027659000490030865000310035765000310038865000410041994200120046099900170047295201510048917694CO-ViMGA141112s2004 ck r 000 u spa d a8472901319 aCO-ViMGAbspacCO-ViMGA04a323.6 A813c1 aAubet, María Jose92511010aCiudadania y representatividad . Los sistemas electorales en Europa aBarcelona (España), cBellaterra, c2000 a143.p. aLa biblioteca del ciudadano aForma de adquisición : Premio - Mincultura14aCIUDADANIA - EUROPA92511114aELECCIONES - EUROPA92511214aSISTEMAS ELECTORALES - EUROPA925113 2ddccBK c27179d27179 00102ddc40708002aMEVIECARbMEVIECARd2015-12-04hVolumen. 1 | 11/jun/2009l0o323.6 A813c p17694r2015-12-04 00:00:00tEj. 1w2015-12-04yBK